| 000 | 00754nam a22002057a 4500 | ||
|---|---|---|---|
| 005 | 20180416151407.0 | ||
| 010 | _aB-690924-925 | ||
| 020 |
_c450.00 _a9788191070323 |
||
| 035 | _aB-690924-925 | ||
| 037 | _bUniversal | ||
| 082 | _a921 | ||
| 100 | _aRai,Lajpat | ||
| 245 | 0 | 0 |
_aYoung India : _cby Lajpat Rai _bhistory of the nationalist movement / |
| 260 |
_aNoida _bTarunam Publications _c2011 |
||
| 270 |
_a21-A,Sector-93, _bNOIDA, U.P. _e201301 |
||
| 300 |
_axvii,218p. _c22cm(hb) |
||
| 500 | _aBalidali | ||
| 942 |
_2ddc _cEN _mRAI _h921 |
||
| 999 |
_c151236 _d151236 |
||